000 00543nam a22002055b 4500
003 OSt
005 20150305164923.0
008 920817s1991 sp | |||| ||spa
020 _a84-348-3070-1
040 _cBMC
082 _a808.068083
100 1 _aMendo, Miguel Ángel
_920199
245 1 _aPor un maldito anuncio
_cMiguel Ángel Mendo
250 _a3ª ed
260 _aMadrid
_bSM
_c1991
300 _a121 p.
_bil.
_c19 cm
490 1 _aEl barco de vapor. Serie roja
_v190
650 2 4 _929811
_aCuentos infantiles
942 _2ddc
_cBK
999 _c17745
_d17745